000 00280nam a2200109Ia 4500
008 200302s9999 xx 000 0 und d
100 _aJohn O Reilly
245 _aIllusive contemporary illustration part four
260 _bDie Gestalten Verbg Gmbh
260 _c2015
300 _a399
999 _c7295
_d7295